| 000 | 02338nam a2200421 c 4500 | ||
|---|---|---|---|
| 003 | BLK | ||
| 005 | 20231202150644.0 | ||
| 008 | 180408b bul|||||r ||||||| ||bul|| | ||
| 010 | _aKNG00094415000 | ||
| 020 |
_a954-91325-9-5 _bиздат.: Бит и техника |
||
| 040 | _aBLK | ||
| 041 |
_aBUL _cBUL |
||
| 080 |
_aСпециално обучение като елемент на общообразователното обучение - Обучение по техника, домакинство, селско стопанство и др. _b373.6 _x(072) _z373.6(072) |
||
| 100 | 1 |
_aНиколова, Тодорка Николова _eпърви автор _9364727 |
|
| 700 | 1 |
_aРухов, Живко Иванов _eхудож. _9117895 |
|
| 700 | 1 |
_aГърневска, Силвия Маркова _e* _9303701 |
|
| 700 | 1 |
_aАнаниева, Светла Костова _e* _9303702 |
|
| 700 | 1 |
_aАнаниев, Валентин Георгиев _e* _9303703 |
|
| 139 |
_aДомашен бит и техника за ІІІ клас _bД 76 |
||
| 245 | 1 | 0 |
_aДомашен бит и техника за ІІІ клас _bКнига за учителя _cТодорка Николова Николова; худож. Живко Иванов Рухов; * Силвия Маркова Гърневска; * Светла Костова Ананиева; * Валентин Георгиев Ананиев. |
| 257 | _aBGR | ||
| 260 |
_аВарна _bБит и техника _c2003 _fВарна : Ателие'89 |
||
| 300 |
_a76 с. _bс ил. _c24 см |
||
| 380 | _a3 | ||
| 500 | _aДруги авт.: С. М. Гърневска, Св. К. Ананиева, В. Г. Ананиев. - Доп. тир. 2007. | ||
| 650 | 4 |
_aТрудово обучение - методика на преподаването - за основни училища _9245000 |
|
| 653 | _aтрудово обучение | ||
| 653 | _aметодика на преподаването | ||
| 653 | _aосновни училища | ||
| 653 | _aкнига за учителя | ||
| 653 | _aІІІ кл. | ||
| 852 | _aЦб 247243 | ||
| 856 | 4 |
_qpdf _u |
|
| 856 | 4 |
_qpdf _u |
|
| 942 |
_cKNG _n0 _02 |
||
| 944 |
_aCR _c16.02.2010 _lЦветомила Тодорова _k30576 |
||
| 944 |
_aED _c25.11.2015 _lф / _kЛюдмила_Стоянова |
||
| 999 |
_c89714 _d89714 |
||